000 00261 a2200097 4500
001 12996
100 _aSterne,L
245 _aTristram shandy: An Authoritative Text the Author on the Novel Criticism
260 _a
_bW W Norton & Company
_c
090 _c9999
_d9999
942 _aNUST-CAE
_cM
_c36931
999 _c248069
_d248069